| 000 | 00827nam a2200169 i 4500 | ||
|---|---|---|---|
| 001 | 167616 | ||
| 003 | ES-MaACL | ||
| 005 | 20230906213548.0 | ||
| 008 | 960320s1871 sp af |||| | spa d | ||
| 100 | 1 |
_aVille, Georges. _9115196 |
|
| 245 | 1 | 4 |
_aLos abonos químicos : _bconferencias agrícolas dadas en el campo de experiencias de Vincennes en la temporada de 1867 / _cpor Jorge Ville ; traducidas de la tercera edición, para ser leídas en la Sociedad Económica Leonesa de Amigos del País por Don Pedro Fernández Soba. |
| 260 |
_aLeón : _b[s.n.], _c1871 ( _fImp. de Miñón) |
||
| 300 |
_aXXXI, 254 p., [1] h. de lám. grab. pleg. : _bil. ; _c19 cm. |
||
| 650 | 4 |
_aFertilizantes. _9136105 |
|
| 710 | 2 |
_aSociedad Económica de Amigos del País de León. _9173026 |
|
| 852 |
_aES-MaACL _jC-12120 _z- Enc. pasta española |
||
| 999 |
_c167616 _d167616 |
||